<?xml version="1.0" encoding="UTF-8"?>
<record
    xmlns:xsi="http://www.w3.org/2001/XMLSchema-instance"
    xsi:schemaLocation="http://www.loc.gov/MARC21/slim http://www.loc.gov/standards/marcxml/schema/MARC21slim.xsd"
    xmlns="http://www.loc.gov/MARC21/slim">

  <leader>02007cam a2200337 a 4500</leader>
  <controlfield tag="001">ne 66001838 </controlfield>
  <controlfield tag="003">DLC</controlfield>
  <controlfield tag="005">20260227111827.0</controlfield>
  <controlfield tag="008">120305s1965    ua            000 0 ara d</controlfield>
  <datafield tag="010" ind1=" " ind2=" ">
    <subfield code="a">ne 66001838 </subfield>
  </datafield>
  <datafield tag="035" ind1=" " ind2=" ">
    <subfield code="a">(OCoLC)ocm18300874</subfield>
  </datafield>
  <datafield tag="040" ind1=" " ind2=" ">
    <subfield code="a">WAU</subfield>
    <subfield code="c">WAU</subfield>
    <subfield code="d">GZM</subfield>
    <subfield code="d">OCLCQ</subfield>
    <subfield code="d">OCLCG</subfield>
    <subfield code="d">CUY</subfield>
    <subfield code="d">OCLCA</subfield>
    <subfield code="d">DLC</subfield>
  </datafield>
  <datafield tag="042" ind1=" " ind2=" ">
    <subfield code="a">lccopycat</subfield>
  </datafield>
  <datafield tag="050" ind1="0" ind2="0">
    <subfield code="a">BP193.1.A2</subfield>
    <subfield code="b">S49 1965</subfield>
  </datafield>
  <datafield tag="066" ind1=" " ind2=" ">
    <subfield code="c">(3</subfield>
  </datafield>
  <datafield tag="100" ind1="1" ind2=" ">
    <subfield code="6">880-01</subfield>
    <subfield code="a">Shar&#x12B;f al-Ra&#x1E0D;&#x12B;, Mu&#x1E25;ammad ibn al-&#x1E24;usayn,</subfield>
    <subfield code="d">969 or 970-1016.</subfield>
  </datafield>
  <datafield tag="245" ind1="1" ind2="0">
    <subfield code="6">880-02</subfield>
    <subfield code="a">Nahj al-bal&#x101;ghah /</subfield>
    <subfield code="c">wa-huwa majm&#x16B;&#x2BB; m&#x101; akht&#x101;rahu al-Shar&#x12B;f Ab&#x16B; al-&#x1E24;asan Mu&#x1E25;ammad al-Ra&#x1E0D;&#x12B; ibn al-&#x1E24;asan al-M&#x16B;saw&#x12B; min kal&#x101;m Am&#x12B;r al-Mu&#x2BC;min&#x12B;n Ab&#x12B; al-&#x1E24;asan &#x2BB;Al&#x12B; ibn Ab&#x12B; &#x1E6C;&#x101;lib, shara&#x1E25;ahu Mu&#x1E25;ammad &#x2BB;Abduh, haqqaqahu wa-z&#x101;da f&#x12B; shar&#x1E25;ihi ziy&#x101;d&#x101;t h&#x101;mmah Mu&#x1E25;ammad Mu&#x1E25;y&#x12B; al-D&#x12B;n &#x2BB;Abd al-Ham&#x12B;d.</subfield>
  </datafield>
  <datafield tag="260" ind1=" " ind2=" ">
    <subfield code="6">880-03</subfield>
    <subfield code="a">Mi&#x1E63;r :</subfield>
    <subfield code="b">Al-Maktabah al-Tij&#x101;r&#x12B;yah al-Kubr&#xE1;,</subfield>
    <subfield code="c">[1965?]</subfield>
  </datafield>
  <datafield tag="300" ind1=" " ind2=" ">
    <subfield code="a">3 v. ;</subfield>
    <subfield code="c">24 cm.</subfield>
  </datafield>
  <datafield tag="500" ind1=" " ind2=" ">
    <subfield code="a">Vocalized.</subfield>
  </datafield>
  <datafield tag="600" ind1="0" ind2="0">
    <subfield code="a">&#x2BB;Al&#x12B; ibn Ab&#x12B; &#x1E6C;&#x101;lib,</subfield>
    <subfield code="c">Caliph,</subfield>
    <subfield code="d">approximately 600-661</subfield>
    <subfield code="x">Hadith.</subfield>
  </datafield>
  <datafield tag="700" ind1="0" ind2=" ">
    <subfield code="6">880-04</subfield>
    <subfield code="a">&#x2BB;Al&#x12B; ibn Ab&#x12B; &#x1E6C;&#x101;lib,</subfield>
    <subfield code="c">Caliph,</subfield>
    <subfield code="d">approximately 600-661.</subfield>
  </datafield>
  <datafield tag="700" ind1="0" ind2=" ">
    <subfield code="6">880-05</subfield>
    <subfield code="a">Mu&#x1E25;ammad &#x2BB;Abduh,</subfield>
    <subfield code="d">1849-1905.</subfield>
  </datafield>
  <datafield tag="700" ind1="1" ind2=" ">
    <subfield code="6">880-06</subfield>
    <subfield code="a">&#x2BB;Abd al-&#x1E24;am&#x12B;d, Mu&#x1E25;ammad Mu&#x1E25;y&#x12B; al-D&#x12B;n.</subfield>
  </datafield>
  <datafield tag="880" ind1="1" ind2=" ">
    <subfield code="6">100-01//r</subfield>
    <subfield code="a">&#x634;&#x631;&#x64A;&#x641; &#x627;&#x644;&#x631;&#x636;&#x64A;&#x60C; &#x645;&#x62D;&#x645;&#x62F; &#x628;&#x646; &#x627;&#x644;&#x62D;&#x633;&#x64A;&#x646;.</subfield>
  </datafield>
  <datafield tag="880" ind1="1" ind2="0">
    <subfield code="6">245-02//r</subfield>
    <subfield code="a">&#x646;&#x647;&#x62C; &#x627;&#x644;&#x628;&#x644;&#x627;&#x63A;&#x629; :</subfield>
    <subfield code="b">&#x648;&#x647;&#x648; &#x645;&#x62C;&#x645;&#x648;&#x639; &#x645;&#x627;&#x627;&#x62E;&#x62A;&#x627;&#x631;&#x647; &#x627;&#x644;&#x634;&#x631;&#x64A;&#x641;  &#x623;&#x628;&#x648; &#x627;&#x644;&#x62D;&#x633;&#x646; &#x645;&#x62D;&#x645;&#x62F; &#x627;&#x644;&#x631;&#x636;&#x64A; &#x628;&#x646; &#x627;&#x644;&#x62D;&#x633;&#x646; &#x627;&#x644;&#x645;&#x648;&#x633;&#x648;&#x64A; &#x645;&#x646; &#x643;&#x644;&#x627;&#x645; &#x623;&#x645;&#x64A;&#x631; &#x627;&#x644;&#x645;&#x624;&#x645;&#x646;&#x64A;&#x646; &#x623;&#x628;&#x64A; &#x627;&#x644;&#x62D;&#x633;&#x646; &#x639;&#x644;&#x64A; &#x628;&#x646; &#x623;&#x628;&#x64A; &#x637;&#x627;&#x644;&#x628; &#x61B; &#x634;&#x631;&#x62D;&#x647; &#x645;&#x62D;&#x645;&#x62F; &#x639;&#x628;&#x62F;&#x647; &#x61B; &#x62D;&#x642;&#x642;&#x647; &#x648;&#x632;&#x627;&#x62F; &#x641;&#x64A; &#x634;&#x631;&#x62D;&#x647; &#x632;&#x64A;&#x627;&#x62F;&#x627;&#x62A; &#x647;&#x627;&#x645;&#x629; &#x645;&#x62D;&#x645;&#x62F; &#x645;&#x62D;&#x64A;&#x64A; &#x627;&#x644;&#x62F;&#x64A;&#x646; &#x639;&#x628;&#x62F; &#x627;&#x644;&#x62D;&#x645;&#x64A;&#x62F;.</subfield>
  </datafield>
  <datafield tag="880" ind1=" " ind2=" ">
    <subfield code="6">260-03//r</subfield>
    <subfield code="a">&#x645;&#x635;&#x631; :</subfield>
    <subfield code="b">&#x627;&#x644;&#x645;&#x643;&#x62A;&#x628;&#x629; &#x627;&#x644;&#x62A;&#x62C;&#x627;&#x631;&#x64A;&#x629; &#x627;&#x644;&#x643;&#x628;&#x631;&#x649;&#x60C;</subfield>
    <subfield code="c">[1965?]</subfield>
  </datafield>
  <datafield tag="880" ind1="0" ind2=" ">
    <subfield code="6">700-04//r</subfield>
    <subfield code="a">&#x639;&#x644;&#x64A; &#x628;&#x646; &#x623;&#x628;&#x64A; &#x637;&#x627;&#x644;&#x628;.</subfield>
  </datafield>
  <datafield tag="880" ind1="0" ind2=" ">
    <subfield code="6">700-05//r</subfield>
    <subfield code="a">&#x645;&#x62D;&#x645;&#x62F; &#x639;&#x628;&#x62F;&#x647;.</subfield>
  </datafield>
  <datafield tag="880" ind1="1" ind2=" ">
    <subfield code="6">700-06/(3/r</subfield>
    <subfield code="a">&#x639;&#x628;&#x62F; &#x627;&#x644;&#x62D;&#x645;&#x64A;&#x62F;&#x60C; &#x645;&#x62D;&#x645;&#x62F; &#x645;&#x62D;&#x64A; &#x627;&#x644;&#x62F;&#x64A;&#x646;.</subfield>
  </datafield>
  <datafield tag="999" ind1=" " ind2=" ">
    <subfield code="c">49180</subfield>
    <subfield code="d">49180</subfield>
  </datafield>
</record>
